Online
Catalog

5 Canzoni a tre : (Record no. 41686)

MARC details
000 -CABECERA
campo de control de longitud fija 00763nam a2200181 a 4500
001 - NÚMERO DE CONTROL
campo de control 000042197
005 - FECHA Y HORA DE LA ÚLTIMA TRANSACCIÓN
campo de control 20201002040011.0
008 - DATOS DE LONGITUD FIJA--INFORMACIÓN GENERAL
campo de control de longitud fija 131119s1971 sp g 000 0 spa d
040 ## - FUENTE DE LA CATALOGACIÓN
Centro catalogador/agencia de origen DO-SdBNP
Lengua de catalogación spa
Centro/agencia transcriptor BNPHU
100 1# - ENTRADA PRINCIPAL--NOMBRE DE PERSONA
Nombre de persona Selma y Salaverde, Bartolomé de,
Fechas asociadas al nombre 1638 -
9 (RLIN) 69207
245 10 - MENCIÓN DE TÍTULO
Título 5 Canzoni a tre :
Resto del título para instrumentos de viento o de cuerda y bajo continuo /
Mención de responsabilidad, etc. Transcripción por Santiago Kastner.
246 10 - FORMA VARIANTE DE TÍTULO
Título propio/Titulo breve Dos Canzoni a Tre :
Resto del título para instrumentos de viento o de cuerda y bajo continuo
260 ## - PUBLICACIÓN, DISTRIBUCIÓN, ETC.
Lugar de publicación, distribución, etc. Barcelona :
Nombre del editor, distribuidor, etc. Instituto Español de Musicología,
Fecha de publicación, distribución, etc. 1971.
300 ## - DESCRIPCIÓN FÍSICA
Extensión 28 p. ;
Dimensiones 32 cm.
490 1# - MENCIÓN DE SERIE
Mención de serie Música hispana
-- serie C música de cámara
Designación de volumen o secuencia 1
700 1# - PUNTO DE ACCESO ADICIONAL--NOMBRE DE PERSONA
Nombre de persona Kastner, Santiago
9 (RLIN) 69208
830 #0 - PUNTO DE ACCESO ADICIONAL DE SERIE-TÍTULO UNIFORME
Título uniforme Música hispana
Nombre de parte o sección de la obra serie C música de cámara
Designación de volumen o secuencia 1
9 (RLIN) 69209
Holdings
Estado de retiro Estado de pérdida Restricciones de uso No para préstamo Código de colección Localización permanente Ubicación/localización actual Ubicación en estantería Fecha de adquisición Número de inventario Total de préstamos Signatura topográfica completa Código de barras Fecha visto por última vez Precio válido a partir de Tipo de ítem Koha
        Monografías: Libros y Folletos General General Orden iniciada 19.11.2013 LF1   42197-10 25.06.2020 25.06.2020 No se presta

Powered by Koha